Тени грядущего зла: [сборник]; пер. с англ.; ...И духов зла явилась рать; Лед и пламя; Тот, кто ждет; Здесь могут водиться тигры; Город; Акведук; Человек; Нескончаемый дождь; Все лето в один день; Подарок; Вельд; Сущность; Бред; Каникулы; Маленький убийца; Здравствуй и прощай; поиграем в "отраву"; Верхний сосед; Лучшее из времен; Озеро; Человек в воздухе; Дядюшка Эйнар; Апрельское колдовство; Почти конец света; Призраки нового замка; Диковинное диво; Жила-была старушка; Смерть и дева; Берег на закате; Ревун; Электростанция; Прикосновение пламени; Примирительница; Знали, чего хотят;Время ухлдить

Bibliographische Detailangaben
1. Verfasser: Брэдбери Р. Д. Рэй Дуглас
Zusammenfassung:Популярный американский писатель-фантаст Рэй Дуглас Брэдбери (род. в 1920 г.) знаком отечественному читателю по романам „Марсианские хроники", „451° по Фаренгейту", „Вино из одуванчиков", а также по рассказам „И грянул гром", „Ржавчина", „Дракой" и многим другим. По мотивам его произведений созданы теле- и радиопостановки, снят художественный фильм. В настоящий сборник входит ранее не публиковавшийся в нашей стране роман „...И духов зла явилась рать", повествующий о борьбе двух подростков с Людьми Осени, таинственными и жуткими хозяевами и рабами „темного карнавала" и рассказы, широкому читателю в основном неизвестные.
Sprache:Russisch
Veröffentlicht: Санкт-Петербург, Северо-Запад, 1992
TOC:...И духов зла явилась рать;
Лед и пламя; Тот, кто ждет; Здесь могут водиться тигры; Город; Акведук; Человек; Нескончаемый дождь; Все лето в один день; Подарок; Вельд; Сущность; Бред; Каникулы; Маленький убийца; Здравствуй и прощай; поиграем в "отраву"; Верхний сосед; Лучшее из времен; Озеро; Человек в воздухе; Дядюшка Эйнар; Апрельское колдовство; Почти конец света; Призраки нового замка; Диковинное диво; Жила-была старушка; Смерть и дева; Берег на закате; Ревун; Электростанция; Прикосновение пламени; Примирительница; Знали, чего хотят;Время ухлдить;
Schlagworte:
Format: MixedMaterials Buch
KOHA link:https://koha.lib.tpu.ru/cgi-bin/koha/opac-detail.pl?biblionumber=330844

MARC

LEADER 00000nam0a2200000 4500
001 330844
005 20231102004310.0
010 |a 5835200765 
035 |a (RuTPU)RU\TPU\book\356632 
090 |a 330844 
100 |a 20170411d1992 m y0rusy50 ca 
101 1 |a rus  |c eng 
102 |a RU 
105 |a y z 000ay 
200 1 |a Тени грядущего зла  |e [сборник]  |e пер. с англ.  |f Р. Д. Брэдбери 
210 |a Санкт-Петербург  |c Северо-Запад  |d 1992 
215 |a 608 с. 
330 |a Популярный американский писатель-фантаст Рэй Дуглас Брэдбери (род. в 1920 г.) знаком отечественному читателю по романам „Марсианские хроники", „451° по Фаренгейту", „Вино из одуванчиков", а также по рассказам „И грянул гром", „Ржавчина", „Дракой" и многим другим. По мотивам его произведений созданы теле- и радиопостановки, снят художественный фильм. В настоящий сборник входит ранее не публиковавшийся в нашей стране роман „...И духов зла явилась рать", повествующий о борьбе двух подростков с Людьми Осени, таинственными и жуткими хозяевами и рабами „темного карнавала" и рассказы, широкому читателю в основном неизвестные. 
464 |t ...И духов зла явилась рать  |o роман 
464 |t Лед и пламя; Тот, кто ждет; Здесь могут водиться тигры; Город; Акведук; Человек; Нескончаемый дождь; Все лето в один день; Подарок; Вельд; Сущность; Бред; Каникулы; Маленький убийца; Здравствуй и прощай; поиграем в "отраву"; Верхний сосед; Лучшее из времен; Озеро; Человек в воздухе; Дядюшка Эйнар; Апрельское колдовство; Почти конец света; Призраки нового замка; Диковинное диво; Жила-была старушка; Смерть и дева; Берег на закате; Ревун; Электростанция; Прикосновение пламени; Примирительница; Знали, чего хотят;Время ухлдить  |o рассказы 
606 1 |a Американская литература  |2 stltpush  |3 (RuTPU)RU\TPU\subj\72261  |9 85825 
610 1 |a фантастика 
610 1 |a романы 
610 1 |a рассказы 
675 |a 82  |v 4 
700 1 |a Брэдбери  |b Р. Д.  |c американский писатель  |c фантаст  |f 1920-2012  |g Рэй Дуглас  |2 stltpush  |3 (RuTPU)RU\TPU\pers\36252  |9 19328 
801 1 |a RU  |b 63413507  |c 20170411 
801 2 |a RU  |b 63413507  |c 20220912  |g RCR 
942 |c BK